| 000 | 00817cab a22001935a 4500 | ||
|---|---|---|---|
| 001 | L152539 | ||
| 008 | 110325s2011 xxk f 000 0 eng d | ||
| 035 | _a(Sirsi) u152539 | ||
| 041 | 0 | _aeng | |
| 100 | 1 | _aHarris, Philip | |
| 245 | 0 | 4 | _aThe entitlement of the payee under a construction contract to raise defects as a lawful ground for non-payment |
| 260 | _c2011 | ||
| 490 | 0 |
_aConstruction Law Journal _v27(2) 2011, 133-144(11) |
|
| 520 | _aConsiders the significance of practical completion, payment obligations, withholding, Housing Grants Construction and Regeneration Act 1996, Local Democracy, Economic Development and Construction Act 2009. | ||
| 590 | _aKA | ||
| 651 | 4 |
_aEngland and Wales _y1543- |
|
| 690 | _aBUILT ENVIRONMENT-CONSTRUCTION MANAGEMENT-BUILDING CONTRACT ADMINISTRATION | ||
| 942 | _n0 | ||
| 999 |
_c82996 _d82996 |
||